TV Shows That Share Actors Quiz Stats

Quiz Updated Oct 17, 2015

Also try: Episodic Actors
Challenge
Share
Tweet
Embed
Score 0/24 Timer 05:00
2 Plays Today
% Correct
Neil Patrick Harris
96.7%
Courteney Cox
96.6%
Ashton Kutcher
95.5%
Danny DeVito
89%
Bryan Cranston
87.9%
Kaley Cuoco
87.7%
Lucy Lawless
79.6%
Leonard Nimoy
75.1%
Claire Danes
74.6%
William Shatner
74.6%
Alfonso Ribeiro
74.6%
Alec Baldwin
72.3%
% Correct
Matthew Fox
71.1%
Megan Mullally
66%
Lorraine Bracco
62.1%
Donald Faison
60.2%
Jane Krakowski
59.8%
Jamie Farr
55.1%
Chris Pratt
52.6%
Timothy Olyphant
52.6%
Thomas Gibson
51.1%
Rashida Jones
50%
Shemar Moore
43.2%
Sarah Wayne Callies
35.3%

You're not logged in!

Compare scores with friends on all Sporcle quizzes.
Join for Free
OR
Log In

You Might Also Like...

Show Comments

Extras

Top Quizzes Today


Score Distribution

Your Account Isn't Verified!

In order to create a playlist on Sporcle, you need to verify the email address you used during registration. Go to your Sporcle Settings to finish the process.

Report this User

Report this user for behavior that violates our Community Guidelines.

Details: